LEADER 00901nam a2200205 i 4500 001 000000162797 003 CaOOAMICUS 005 20231031143405.0 008 070709s1905 fr u000 u fre u 040 $aSeMil$bita 245 10$aPremière série. 250 $aSixième édition. 300 $a336 p. 500 $aIn mezzo al front.: La littérature française du Moyen age ; Pascal ; Molière ; Racine ; Voltaire ; La littérature française sous le premier empire ; Le naturalisme ai 17. siècle 773 0 $aBrunetière, Ferdinand <1849-1906>$tÉtudes critiques sur l'histoire de la Littérature française.$dParis : Librairie Hachette, [1905?]$w()18108 850 $aSeMil 852 $aSeMil$W1$xVenegono$y1$m1R I 85$j244098$B114122$CSeMilBibl$Z2$F124997 $81 961 $aRecupero: Altro 996 $6245$aPremière série$9(OLS)http://semarc/title/232243 LEADER 00768nam a2200169 i 4500 001 000000216822 003 CaOOAMICUS 005 20121112000000.0 008 121112s1837 xx u000 u lat u 013 $a195718 040 $aSeMil$bita 245 10$aTomus 3. qui cotinet [sic] librum 2. decretalium Gregorii 9. 300 $a360 p. 773 0 $aDevoti, Giovanni <1744-1820>$tJoannis Devoti dei et apostolicae sedis gratia ... Jus canonicum universum publicum et privatum.$bNova romana editio accuratior.$dRomae : apud Joannem Ferretium, 1837.$g3$w()27644 850 $aSeMil 852 $aSeMil$W1$xVenegono$y1$m2G IV 55 FA$j167238$B167238$CSeMilBibl$Z2$F178013 $8I 996 $6245$aTomus 3. qui cotinet [sic] librum 2. decretalium Gregorii 9$9(OLS)http://semarc/title/311673